Análisis económico

Guardat en:
Dades bibliogràfiques
Autor principal: Boulding, Kenneth E
Format: Llibre
Idioma:espanyol
Publicat: Madrid, España Alianza 1972
Col·lecció:Alianza Universidad
Matèries:
Etiquetes: Afegir etiqueta
Sense etiquetes, Sigues el primer a etiquetar aquest registre!

MARC

LEADER 00000nam a2200000 a 4500
001 UCT6155
003 CL-VaPUC
005 20241010161148.0
008 961230e19720000SP |||||||||||||||||spa|d
999 |c 254876  |d 254874 
040 |c Pontificia Universidad Católica de Valparaíso 
082 0 4 |a 330.9 BOU 1972  |2 21 
100 0 |a Boulding, Kenneth E  |9 376003 
245 1 0 |a Análisis económico 
260 0 3 |a Madrid, España  |b Alianza  |c 1972 
300 |a 2 v 
490 0 |a Alianza Universidad 
583 |a last modification  |c 19961230 00:00:00  |k Rodrigo Vera 
650 0 |a Economía   |9 255568 
650 0 |a Microeconomía  |9 258126 
650 0 |a Producción   |9 263680 
650 0 |a Consumo  |9 333893 
650 0 |a Precios   |9 260787 
650 0 |a Desarrollo económico  |9 259599 
650 7 |a MERCANCIAS  |2 CL-VaPUC  |9 376004 
650 7 |a CANTIDADES  |2 CL-VaPUC  |9 376005 
650 7 |a COMERCIO INTERNACIONAL  |2 CL-VaPUC  |9 376006 
650 7 |a TEORIAS DE PRECIOS  |2 CL-VaPUC  |9 376007 
650 0 |a Oferta  |9 357541 
650 7 |a DEMANDA  |2 CL-VaPUC  |9 255172 
650 7 |a BALANCE  |2 CL-VaPUC  |9 352306 
650 0 |a Empresas comerciales  |9 334163 
942 |c BK  |2 ddc 
945 |d 19961230 00:00:00  |a nastorga